000 00880nam a22002297a 4500
008 240610b mp ||||| |||| 00| 0 mon d
020 _a978-99973-72-50-5
035 _a20190
040 _aUVS1285160
_bmon
_cMN-UlNLM
_dMN-UlNLM
_erda
041 _amon
042 _a67874
084 _2NNA
_a84(7Кол)-44
_bМ.263
100 _aМаркес Г.
245 0 _aЗуун жилийн ганцаардал
264 _aУлаанбаатар
_bЖиком пресс
_c2016
300 _a389х.
336 _2rdacontent
_atext
_btxt
337 _2rdamedia
_aunmediated
_bn
338 _2rdacarrier
_avolume
_bnc
650 _a20- р зууны аугаа их зохиолын нэг болох Зуун жилийн ганцаардал ном нь маш олон хэл дээр орчуулагдан гарсан бөгөөд 1982 онд Нобел...
942 _2NNA
_cBK
999 _c945333
_d945390